000 00719nam a2200217 a 4500
001 000034843
005 20200930073934.0
008 111020s1970 ag 000 0 spa d
040 _aDO-SdBNP
_bspa
_cBNPHU
082 _axxxx
_bF932
100 1 _aFromm, Erich
_951429
240 1 0 _aThe present human condition
245 1 3 _aLa condición humana actual y otros temas de la vida contemporánea /
_cErich Fromm ; traducción de Gerardo Steenks.
250 _a2a ed.
260 _aBuenos Aires :
_bPaidós,
_c1970.
300 _a123 p. ;
_c18 cm.
490 1 _aBiblioteca del hombre contemporáneo
700 1 _aSteenks, Gerardo
_etr.
_960371
830 0 _aBiblioteca del hombre contemporáneo
_951036
049 _aBNPD
999 _c34334
_d34334